000 00324nam a22001337a 4500
008 170712b xxu||||| |||| 00| 0 eng d
020 _a0801632277
041 _aeng
080 _23RD
_a038
100 _a23
101 _aFJA
245 _aMOSBY'S MEDICAL, NURSING & ALLIED HEALTH DICITONARY
_cGLANZE, W.D
942 _2udc
_cBK
999 _c20304
_d20304